[Event "Forchheim op-B 15th"]
[Site "Forchheim"]
[Date "2016.10.02"]
[Round "3"]
[White "Buzatu, Alexander"]
[Black "Knoll, Ernst"]
[Result "1-0"]
[WhiteElo "1580"]
[BlackElo "1607"]
[PlyCount "53"]
[EventDate "2016.10.01"]
[EventType "swiss"]
[EventRounds "5"]
[EventCountry "GER"]
[SourceTitle "EXT 2019"]
[Source "ChessBase"]
[SourceDate "2018.10.10"]
[SourceVersion "1"]
[SourceVersionDate "2018.10.10"]
[SourceQuality "1"]

1. e4 e6 2. d4 d5 3. exd5 exd5 4. Bf4 Nf6 5. Bd3 Be6 6. Nd2 c5 7. c3 Nc6 8. Ngf3 Qb6 9. Qb3 Be7 10. Qxb6 axb6 11. 0-0 0-0 12. h3 Ra7 13. dxc5 bxc5 14. Rfe1 Rfa8 15. a3 c4 16. Bc2 b5 17. Rad1 Nd7 18. Ng5 Bxg5 19. Bxg5 h6 20. Be3 Rb7 21. Nf3 b4 22. axb4 Ra2 23. Rd2 Kf8 24. Rb1 Nxb4 25. cxb4 Rxb4 26. Bd4 Nb6 27. Bc5+ 1-0